| 000 | 00752nam a22002657a 4500 | ||
|---|---|---|---|
| 001 | 002638 | ||
| 003 | armpunfd | ||
| 005 | 20140612090711.0 | ||
| 008 | 121227s2008#xx#a##########000#0##nd#d | ||
| 020 | _a9789870312635 | ||
| 040 |
_aarmpunfd _carmpunfd |
||
| 080 | _a342.4 (82) C 218 | ||
| 100 | 1 | _aCarnota, Walter Fabian. | |
| 245 | 1 | 0 | _aDerecho constitucional. |
| 260 |
_a Buenos Aires : _b La Ley, _c2008. |
||
| 300 | _a688 p. | ||
| 650 | 7 |
_aControl de oficio de constitucionalidad _2LEMB |
|
| 650 | 7 |
_aderecho ambiental _2LEMB |
|
| 650 | 7 |
_aDerecho constitucional _2LEMB |
|
| 650 | 7 |
_aEmergencia economica _2LEMB |
|
| 650 | 7 |
_aSupremacia _2LEMB |
|
| 700 | 1 | _aMaraniello, Patricio Alejandro. | |
| 942 |
_cLB _2cdu |
||
| 945 |
_asa _d2012-12-27 |
||
| 999 |
_c2527 _d233031 |
||